Smart rubber nanocomposites : opportunities, innovations and roadblocks /

Bibliographic Details
Corporate Author: ScienceDirect (Online service)
Other Authors: Appukuttan, Saritha (Editor), Pandey, Mayank (Editor), Deshmukh, Kalim (Editor)
Format: eBook
Language:English
Published: Oxford : Woodhead Publishing, 2025.
Series:Woodhead Publishing series in composites science and engineering
Subjects:
Online Access:Connect to the full text of this electronic book

MARC

Tag First Indicator Second Indicator Subfields
LEADER 00000cam a22000008i 4500
001 in00005776439
005 20260327191539.1
006 m o d
007 cr |||||||||||
008 251006s2025 enk o 000 0 eng d
040 |a UKMGB  |b eng  |e rda  |e pn  |c UKMGB  |d OCLCO  |d YDX  |d OPELS  |d UKAHL  |d N$T 
015 |a GBC5C2543  |2 bnb 
016 7 |a 300634601  |2 Uk 
020 |a 0443292213  |q ePub ebook 
020 |a 9780443292217  |q (electronic bk.) 
020 |z 9780443292200 
024 8 |a CIPO000298527 
035 |a (OCoLC)1548374426 
050 0 4 |a TA418.9.N35 
082 0 4 |a 620.194  |2 23 
049 |a TXAM 
245 0 0 |a Smart rubber nanocomposites :  |b opportunities, innovations and roadblocks /  |c edited by Saritha Appukuttan, Mayank Pandey, Kalim Deshmukh. 
264 1 |a Oxford :  |b Woodhead Publishing,  |c 2025. 
300 |a 1 online resource (710 pages). 
336 |a text  |b txt  |2 rdacontent 
337 |a computer  |b c  |2 rdamedia 
338 |a online resource  |b cr  |2 rdacarrier 
490 0 |a Woodhead Publishing series in composites science and engineering 
588 |a Description based on CIP data; resource not viewed. 
650 0 |a Nanocomposites (Materials) 
650 0 |a Rubber. 
650 6 |a Matériaux nanocomposites. 
650 6 |a Caoutchouc. 
650 7 |a rubber (material)  |2 aat 
650 7 |a Nanocomposites (Materials)  |2 fast 
650 7 |a Rubber  |2 fast 
655 7 |a Electronic books.  |2 local 
700 1 |a Appukuttan, Saritha,  |e editor. 
700 1 |a Pandey, Mayank,  |e editor. 
700 1 |a Deshmukh, Kalim,  |e editor. 
710 2 |a ScienceDirect (Online service) 
776 0 8 |i Print version:  |z 9780443292200 
856 4 0 |u http://proxy.library.tamu.edu/login?url=https://www.sciencedirect.com/science/book/9780443292200  |z Connect to the full text of this electronic book  |t 0 
955 |a Elsevier ScienceDirect 2026-2027 
994 |a 92  |b TXA 
999 f f |i 5f872daa-5610-47dc-98aa-66ab3e18bc61  |s 81802d9a-e49b-4633-bc9a-e972c4ff6111  |t 0 
952 f f |a Texas A&M University  |b College Station  |c Electronic Resources  |s www_evans  |d Available Online  |t 0  |e TA418.9.N35   |h Library of Congress classification 
998 f f |a TA418.9.N35   |t 0  |l Available Online